Os instrumentos do maestro afinadinho (Registo nº 4647)

Detalhes MARC
000 -Etiqueta do registo
Cabeçalho 00670nam0a2200217 4500
005 - Identificador da versão
Campo de controlo 20240813122108.0
100 ## - Dados gerais de processamento
Dados gerais de processamento 20181120d1984 c y0pory5003 ba
102 ## - Pais de publicação ou produção
País de publicação Portugal
101 0# - Língua de publicação
Língua do texto, banda sonora, etc. Português
215 ## - Descrição física 
Indicação específica da natureza do documento e extensão da espécie 40 p.
Outras indicações físicas il. color
200 1# - Titulo e menção de responsabilidade
Título próprio Os instrumentos do maestro afinadinho
Primeira menção de responsabilidade José Jorge Letria
Outras menções de responsabilidade il. de Teresa Dias Coelho
210 ## - Publicação, Distribuição, etc. 
Lugar da edição, distribuição, etc. Mem Martins
Nome do editor, distribuidor, etc. Europa-América
Data da publicação, distribuição, etc. cop. 1984
606 ## - Nome comum usado como assunto
Número de registo de entrada de autoridade 0001358
Palavra de ordem Literatura portuguesa
Subdivisão de assunto Poesia
Código do sistema CA
675 ## - Classificação Decimal Universal (CDU)
Notação 821.134.3-1
Edição 3ª ed.
Língua da edição por
702 #1 - Nome de autor-pessoa física (responsabilidade secundária)
Número de registo de entrada de autoridade 0000322
Palavra de ordem Coelho
Outra parte do nome não tomada para palavra de ordem Teresa Dias
Código de função Impressor
700 #1 - Nome de autor-pessoa física (responsabilidade principal)
Número de registo de entrada de autoridade 0000273
Palavra de ordem Letria
Outra parte do nome não tomada para palavra de ordem José Jorge
Datas 1951-
966 ## - Identificação da Biblioteca
Sigla EBVEN
942 ## - Elementos de entrada adicionados (Koha)
Tipo de item no Koha Livro
Exemplares
Situação do levantamento Origin of item (home branch) (coded) Biblioteca de empréstimo Código de barras Cota Circulation type (not for loan) Tipo de documento Nota do exemplar Damaged status
  Biblioteca Escolar das Vendas Biblioteca Escolar das Vendas BEV326 8POR LET   Livro Sem mensagem